| 000 | 07367cam a22018734i 4500 | ||
|---|---|---|---|
| 003 | PE-LiUPU | ||
| 005 | 20250813165521.0 | ||
| 008 | 180618s2015 mx a rb 001 0 spa d | ||
| 020 | _a8445801945 | ||
| 020 | _a9788445801949 | ||
| 035 | _a(Sirsi) a248933 | ||
| 040 |
_aPE-LiUPU _bspa _cPE-LiUPU _erda |
||
| 049 | _aPRUA | ||
| 082 | 0 | 4 |
_a616.85820972 _bM97 _220 |
| 100 | 1 |
_aMurueta Reyes, Marco Eduardo, _eautor. |
|
| 245 | 1 | 0 |
_aPsicología de la violencia / _cMarco Eduardo Murueta Reyes, Mario Orozco Guzmán. |
| 246 | 3 | _aCausas, prevención y afrontamiento | |
| 250 | _aSegunda edición. | ||
| 264 | 1 |
_aMéxico : _bManual Moderno, _c2015. |
|
| 300 |
_aTomo 2 : _bilustraciones ; _c23 centímetros |
||
| 336 |
_atext _2rdacontent |
||
| 337 |
_aunmediated _2rdamedia |
||
| 338 |
_avolume _2rdacarrier |
||
| 504 | _aBibliografía al final de cada capítulo. | ||
| 504 | _aÍndice : páginas 269-277. | ||
| 505 | 0 |
_aTomo II, _tCausas, prevención y afrontamiento. _aViolencia en la familia: trauma y Victimización -- Una mirada sistémica -- La familia -- Familia y violencia -- Trauma y victimización -- Hogar, Violento Hogar -- Consecuencia parental del divorcio: la padrectomía -- Los hijos son "míos" ... ¡te guste o no! -- Violencia doméstica y prácticas parentales -- Maltrato infantil y sus repercusiones emocionales y cognitivas -- Peculiaridades de los progenitores agresores -- Prácticas parentales -- Modalidades de maltrato infantil -- Comportamiento del niño /niña -- Repercusiones de la violencia doméstica en el desarrollo y funciones cognitivas -- Violencia en el noviazgo de parejas del mismo género. Un problema no explorado -- Procedimiento - Resultados -- Noviazgo: amor o violencia - Emoción -- Amor y enamoramiento -- Agresión y violencia -- Noviazgo y violencia -- Tipos de violencia -- La violencia en parejas jóvenes - Discusión - Propuesta -- Manifestaciones de la violencia de género en mujeres de comunidades michoacanas con tradición migratoria -- Hacia un entendimiento de la violencia de género -- Manifestaciones y reproducción de la violencia de género en comunidades michoacanas con tradición migratoria -- Cómo enfrentan la violencia de género las mujeres michoacanas con experiencia en migración -- La noción de violencia: concepto difícil de construir en la etapa adolescente -- Justificación -- Aspectos metodológicos -- Sustentación teórica -- Dos miradas de un mismo objeto. La adolescencia -- Conceptualización de la violencia - Resultados - Discusión -- Coerciones violentas sobre el cuerpo en la adolescencia. Un estudio psicoanalítico -- Premisas freudianas -- Cultura del cuerpo -- El cuerpo confrontado y afrentado -- Cuerpo, síntoma de malestar -- Bullying, un fenómeno más de la posmodernidad -- Descripción del fenómeno -- Alcances del fenómeno bullying -- Variantes de hostigamiento -- Datos estadísticos - Recomendaciones -- Rol del maestro ante el bullying -- Rol del psicólogo ante un hostigador -- ¿Es la escuela un lugar seguro? -- Propuestas de afrontamiento -- Género y bullying -- Población escolar y familias -- Síndrome de Burnout en los docentes -- Gestión de la disciplina en la escuela -- Mobbing entre docentes -- Jerarquización escolar -- Las aulas como factor de riesgo -- Agresión reactiva e instrumental en edad escolar -- Una comprensión del bullying: recorrido histórico -- Algunos estudios de bullying en Europa -- Masacres de bullying en EUA -- Estudios de bullying en Latinoamérica -- Estudios de bullying en México -- Estudios de bullying en Querétaro -- Discapacidad y violencia -- Historia de la discapacidad -- Integración e inclusión -- Un atentado contra la salud de los trabajadores: la seguridad laboral mercantilizada -- La salud en el trabajo y su situación en México -- Violencia en el trabajo -- Seguridad en el trabajo -- Condiciones de seguridad en México -- ¿Protección o mercantilización de la seguridad laboral? -- Perspectiva interdisciplinaria de la violencia en el trabajo -- Entorno laboral -- Violencia en el trabajo -- Interdisciplinariedad para el estudio de la violencia en el trabajo. |
|
| 526 | _aP203 | ||
| 526 | _aP200 | ||
| 526 | _aSEG65 | ||
| 526 | _aSEG64 | ||
| 526 | _aSEG63 | ||
| 526 | _aSEG62 | ||
| 526 | _aSEG61 | ||
| 526 | _aSEG60 | ||
| 526 | _aSEG59 | ||
| 526 | _aSEG58 | ||
| 526 | _aSEG57 | ||
| 526 | _aSEG56 | ||
| 526 | _aSEG55 | ||
| 526 | _aSEG54 | ||
| 526 | _aSEG53 | ||
| 526 | _aSEG52 | ||
| 526 | _aSEG51 | ||
| 526 | _aSEG50 | ||
| 526 | _aSEG49 | ||
| 526 | _aSEG48 | ||
| 526 | _aSEG47 | ||
| 526 | _aSEG46 | ||
| 526 | _aSEG24 | ||
| 526 | _aSEG23 | ||
| 526 | _aSEG22 | ||
| 526 | _aSEG21 | ||
| 526 | _aSEG20 | ||
| 526 | _aSEG19 | ||
| 526 | _aSEG18 | ||
| 526 | _aSEG17 | ||
| 526 | _aSEG16 | ||
| 526 | _aSEG14 | ||
| 526 | _aSEG13 | ||
| 526 | _aSEG12 | ||
| 526 | _aSEG11 | ||
| 526 | _aSEG10 | ||
| 526 | _aSEG09 | ||
| 526 | _aSEG06 | ||
| 526 | _aSEG05 | ||
| 526 | _aSEG04 | ||
| 526 | _aSEG03 | ||
| 526 | _aSEG02 | ||
| 526 | _aSEG68 | ||
| 526 | _aSEG66 | ||
| 526 | _aSEG45 | ||
| 526 | _aSEG25 | ||
| 526 | _aSEG01 | ||
| 526 | _aP163 | ||
| 526 | _aP162 | ||
| 526 | _aP161 | ||
| 526 | _aP160 | ||
| 526 | _aP159 | ||
| 526 | _aP158 | ||
| 526 | _aP157 | ||
| 526 | _aP156 | ||
| 526 | _aP155 | ||
| 526 | _aP154 | ||
| 526 | _aP153 | ||
| 526 | _aP152 | ||
| 526 | _aP151 | ||
| 526 | _aP150 | ||
| 526 | _aP149 | ||
| 526 | _aP142 | ||
| 526 | _aP141 | ||
| 526 | _aP140 | ||
| 526 | _aP139 | ||
| 526 | _aP138 | ||
| 526 | _aP137 | ||
| 526 | _aP132 | ||
| 526 | _aP131 | ||
| 526 | _aP130 | ||
| 526 | _aP126 | ||
| 526 | _aP125 | ||
| 526 | _aP124 | ||
| 526 | _aP123 | ||
| 526 | _aP115 | ||
| 526 | _aP122 | ||
| 526 | _aP121 | ||
| 526 | _aP116 | ||
| 526 | _a P114 | ||
| 526 | _aP112 | ||
| 526 | _aP111 | ||
| 526 | _aP104 | ||
| 526 | _aP103 | ||
| 526 | _aP102 | ||
| 526 | _aP101 | ||
| 526 | _aP100 | ||
| 526 | _aP96 | ||
| 526 | _aP95 | ||
| 526 | _aP93 | ||
| 526 | _aP92 | ||
| 526 | _aP91 | ||
| 526 | _aP88 | ||
| 526 | _aP83 | ||
| 526 | _aP82 | ||
| 526 | _aP79 | ||
| 526 | _aP78 | ||
| 526 | _aP75 | ||
| 526 | _aP74 | ||
| 526 | _aP71 | ||
| 526 | _aP69 | ||
| 526 | _a P51 | ||
| 526 | _aP49 | ||
| 526 | _aP48 | ||
| 526 | _aP47 | ||
| 526 | _aP33 | ||
| 526 | _aP31 | ||
| 526 | _a P30 | ||
| 526 | _aP29 | ||
| 526 | _aP27 | ||
| 526 | _aP26 | ||
| 526 | _aP25 | ||
| 526 | _aP24 | ||
| 526 | _a P22 | ||
| 526 | _aP10 | ||
| 526 | _aP09 | ||
| 526 | _a P08 | ||
| 526 | _aP06 | ||
| 526 | _aP05 | ||
| 526 | _aP04 | ||
| 526 | _aP01 | ||
| 541 | _g002-00000083; | ||
| 650 | 0 | 4 |
_aViolencia _xAspectos psicológicos. |
| 650 | 0 | 4 | _aAgresividad. |
| 650 | 0 | 4 |
_aViolence _xPsychological aspects. |
| 650 | 0 | 4 | _aAggressiveness. |
| 700 | 1 |
_aOrozco Guzmán, Mario, _eautor. |
|
| 910 |
_adbm _bcsm _ccsm _d20180618 |
||
| 942 |
_2ddc _cBOOK |
||
| 994 |
_aC0 _bPEPRU |
||
| 596 | _a1 | ||
| 999 |
_a616.85820972 M97 2 _wDEWEY _c28548 _i78735 _d28548 _e2019-6-6 _f2021-11-4 _g4 _lCCODEBUL1 _mBUL _n9 _p28.65 _q9 _r0 _sY _tBOOK _u2018-6-18 _xSALUD _zP33 _0COMPRA _1FCOMPRA _o.STAFF. Colección Ciencias de la Salud |
||
| 980 |
_81 _gALBERTO SANCHEZ Responsable de Automatización |
||